MARC details
| 000 -LEADER |
| fixed length control field |
02075cgm a2200313 i 4500 |
| 005 - DATE AND TIME OF LATEST TRANSACTION |
| control field |
20240304132116.0 |
| 007 - PHYSICAL DESCRIPTION FIXED FIELD--GENERAL INFORMATION |
| fixed length control field |
vd cvaizk |
| 008 - FIXED-LENGTH DATA ELEMENTS--GENERAL INFORMATION |
| fixed length control field |
231208s2023 134 ## v eng d |
| 024 ## - OTHER STANDARD IDENTIFIER |
| Standard number or code |
715515291910 |
| Qualifying information |
(videorecording) |
| 040 ## - CATALOGING SOURCE |
| Original cataloging agency |
CTMMSN |
| Language of cataloging |
eng |
| Description conventions |
rda |
| Transcribing agency |
CTMMSN |
| 082 #4 - DEWEY DECIMAL CLASSIFICATION NUMBER |
| Classification number |
[FIC] |
| 092 ## - LOCALLY ASSIGNED DEWEY CALL NUMBER (OCLC) |
| Classification number |
movie |
| Item number |
Mudbound |
| 245 00 - TITLE STATEMENT |
| Title |
Mudbound |
| Medium |
[videorecording]. |
| 264 ## - Production, Publication, Distribution, Manufacture, and Copyright Notice. |
| Place of production, publication, distribution, manufacture |
[Place of publication not identified?]: |
| Name of producer, publisher, distributor, manufacturer |
Criterion Collection, |
| Date of production, publication, distribution, manufacture, or copyr |
2024 |
| 264 ## - Production, Publication, Distribution, Manufacture, and Copyright Notice. |
| Place of production, publication, distribution, manufacture |
Old Saybrook, Connecticut : |
| Name of producer, publisher, distributor, manufacturer |
www.micromarketing.org |
| 300 ## - PHYSICAL DESCRIPTION |
| Extent |
[1 videodisc (approximately 134 minutes)?] : |
| Other physical details |
sound, color; |
| Dimensions |
4 3/4 in. |
| 336 ## - Content Type |
| Content type term |
two-dimensional moving image |
| 337 ## - Media type |
| Media type term |
video |
| 338 ## - Carrier type |
| Carrier type term |
videodisc |
| 500 ## - GENERAL NOTE |
| General note |
[Typographic symbols and accents removed for systems compatibility.] |
| 500 ## - GENERAL NOTE |
| General note |
Widescreen edition. |
| 520 ## - SUMMARY, ETC. |
| Summary, etc |
In the Mississippi Delta of the 1940s, two farming families--one of white landholders, one of Black tenant farmers--are bound by the unforgiving soil they share as they struggle to survive amid the upheavals of World War II and the poisonous hatred of the Jim Crow South. Each family sends a young man off to battle; when they return home, scarred, and find a common bond, the community is ripped apart. Writer-director Dee Rees, with cowriter Virgil Williams, crafts a uniquely American tragedy, imbuing bitter historical realities with a timeless weight. Featuring bone-deep performances from her ensemble cast--including Carey Mulligan, Mary J. Blige, Jason Mitchell, Rob Morgan, Garrett Hedlund, Jason Clarke, and Jonathan Banks--and backed by Rachel Morrison's darkly burnished cinematography, Mudbound is a searing humanist study of inheritance based upon Hillary Jordan's novel. ORIGINAL YEAR: 2017. Criterion Collection; 715515291910; 1 Disc(s); 134 min; Drama; R; 01/30/24 |
| 521 ## - TARGET AUDIENCE NOTE |
| Target audience note |
Rating: R. |
| 538 ## - SYSTEM DETAILS NOTE |
| System details note |
DVD, color, widescreen, NTSC. |
| 650 #7 - SUBJECT ADDED ENTRY--TOPICAL TERM |
| Topical term or geographic name as entry element |
Feature Films |
| Source of heading or term |
bisacsh |
| 655 ## - INDEX TERM--GENRE/FORM |
| Genre/form data or focus term |
Video recordings. |
| Source of term |
lcgft |
| 710 ## - ADDED ENTRY--CORPORATE NAME |
| Corporate name or jurisdiction name as entry element |
Criterion Collection |
| 9 (RLIN) |
6478843 |
| 942 ## - ADDED ENTRY ELEMENTS (KOHA) |
| Source of classification or shelving scheme |
Dewey Decimal Classification |
| Koha item type |
DVD |